[Event "IRL-ch 100th"]
[Site "Dublin"]
[Date "2021.08.03"]
[Round "4"]
[White "Moran, Darragh"]
[Black "Harding, Timothy David"]
[Result "1-0"]
[WhiteElo "1859"]
[BlackElo "2003"]
[PlyCount "105"]
[EventDate "2021.07.31"]
[EventType "swiss"]
[EventRounds "9"]
[EventCountry "IRL"]
[SourceTitle "CBM 203 Extra"]
[Source "ChessBase"]
[SourceDate "2021.09.30"]
[SourceVersion "1"]
[SourceVersionDate "2021.09.30"]
[SourceQuality "1"]

1. e4 c6 2. Nc3 d5 3. Qf3 dxe4 4. Nxe4 Nd7 5. d4 Ndf6 6. c3 Nxe4 7. Qxe4 Nf6 8. Qc2 Qd5 9. Nf3 Bf5 10. Qb3 Qxb3 11. axb3 e6 12. Be2 Bd6 13. 0-0 0-0 14. b4 a6 15. Ne5 Nd5 16. Bf3 Rad8 17. Re1 Rfe8 18. Nc4 Bb8 19. Bg5 f6 20. Bh4 Kf7 21. Bg3 Bxg3 22. hxg3 g5 23. Na5 Re7 24. g4 Bg6 25. g3 Rc7 26. Nb3 Re7 27. Nc5 Rde8 28. Re2 b6 29. Ne4 Ra8 30. Nd6+ Kf8 31. Rae1 Bf7 32. Nc4 Rb8 33. Ra1 Ra7 34. Kg2 Bg8 35. Be4 Kg7 36. Ree1 Ne7 37. Nd6 Rd8 38. Nc4 Rb8 39. Bd3 Nd5 40. Nd6 Rd8 41. Ne4 Rda8 42. Ra3 h6 43. Rea1 Nc7 44. Nd2 e5 45. dxe5 Bd5+ 46. Be4 fxe5 47. Re1 Rd8 48. Bxd5 Nxd5 49. Nc4 c5 50. bxc5 bxc5 51. Rxe5 Kf6 52. Ra5 Nb6 53. Rf5+ 1-0

[Event "Wch Seniors 65 28th"]
[Site "Bled"]
[Date "2018.11.26"]
[Round "8"]
[White "Patola, Eero"]
[Black "Harding, Timothy David"]
[Result "0-1"]
[WhiteElo "1838"]
[BlackElo "2027"]
[PlyCount "68"]
[EventDate "2018.11.18"]
[EventType "swiss"]
[EventRounds "11"]
[EventCountry "SLO"]
[SourceTitle "CBM 187 Extra"]
[Source "ChessBase"]
[SourceDate "2018.11.04"]
[SourceVersion "1"]
[SourceVersionDate "2018.11.04"]
[SourceQuality "1"]

1. c4 c5 2. Nc3 Nc6 3. g3 g6 4. Bg2 Bg7 5. e4 e6 6. Nge2 d6 7. d3 Nge7 8. 0-0 0-0 9. Rb1 b6 10. a3 Bb7 11. h3 Qd7 12. f4 f5 13. Be3 Nd4 14. Bf2 Rae8 15. Nxd4 cxd4 16. Ne2 e5 17. Kh2 Kh8 18. b4 Ng8 19. fxe5 dxe5 20. Bg1 Nf6 21. exf5 Bxg2 22. Kxg2 gxf5 23. Qc2 f4 24. Rf3 Rg8 25. Rbf1 Nh5 26. Bh2 fxg3 27. Bxg3 Bh6 28. Rf7 Qc6+ 29. Kh2 Nxg3 30. Nxg3 Bf4 31. R1xf4 exf4 32. Rxf4 Re3 33. Rg4 Rxg4 34. hxg4 Qf3 0-1

[Event "WchT Seniors 65"]
[Site "Dresden"]
[Date "2018.07.08"]
[Round "2.1"]
[White "Harding, Timothy David"]
[Black "Jones, Iolo Cerredig"]
[Result "1/2-1/2"]
[WhiteElo "2074"]
[BlackElo "2175"]
[PlyCount "23"]
[EventDate "2018.07.07"]
[EventType "team-swiss"]
[EventRounds "9"]
[EventCountry "GER"]
[SourceTitle "EXT 2021"]
[Source "ChessBase"]
[SourceDate "2020.10.23"]
[SourceVersion "1"]
[SourceVersionDate "2020.10.23"]
[SourceQuality "1"]
[WhiteTeam "Ireland"]
[BlackTeam "Wales Deheubarth"]
[WhiteTeamCountry "IRL"]
[BlackTeamCountry "WLS"]

1. e4 e5 2. Nf3 Nf6 3. Nxe5 d6 4. Nf3 Nxe4 5. c4 Be7 6. d4 c5 7. Bd3 Nf6 8. Nc3 0-0 9. h3 d5 10. 0-0 Nc6 11. dxc5 dxc4 12. Bxc4 1/2-1/2

[Event "Reykjavik op"]
[Site "Reykjavik"]
[Date "2017.04.26"]
[Round "9"]
[White "Harding, Timothy David"]
[Black "Ontiveros, John"]
[Result "1-0"]
[WhiteElo "2017"]
[BlackElo "1741"]
[PlyCount "61"]
[EventDate "2017.04.19"]
[EventType "swiss"]
[EventRounds "10"]
[EventCountry "ISL"]
[SourceTitle "CBM 178 Extra"]
[Source "ChessBase"]
[SourceDate "2017.06.22"]
[SourceVersion "1"]
[SourceVersionDate "2017.06.22"]
[SourceQuality "1"]

1. e4 c6 2. d4 d5 3. e5 Bf5 4. h4 h6 5. g4 Bh7 6. e6 fxe6 7. Bd3 Bxd3 8. Qxd3 Nf6 9. Nf3 Ne4 10. Nbd2 Qa5 11. c3 Nd7 12. Nxe4 dxe4 13. Qxe4 Qd5 14. Qg6+ Kd8 15. Rh3 e5 16. Nxe5 Nxe5 17. dxe5 Qxe5+ 18. Be3 Qf6 19. 0-0-0+ Kc7 20. Qd3 Qd6 21. Qe4 Qf6 22. Bf4+ Kb6 23. Rf3 Qxh4 24. Be3+ c5 25. Qb4+ Ka6 26. Bxc5 Qg5+ 27. Re3 b6 28. Qa4+ Kb7 29. Rd7+ Kb8 30. Qc6 Qxc5 31. Rd8# 1-0

[Event "Reykjavik op"]
[Site "Reykjavik"]
[Date "2017.04.21"]
[Round "4"]
[White "Harding, Timothy David"]
[Black "Walton, Alan J"]
[Result "1/2-1/2"]
[WhiteElo "2017"]
[BlackElo "2199"]
[PlyCount "100"]
[EventDate "2017.04.19"]
[EventType "swiss"]
[EventRounds "10"]
[EventCountry "ISL"]
[SourceTitle "CBM 178 Extra"]
[Source "ChessBase"]
[SourceDate "2017.06.22"]
[SourceVersion "1"]
[SourceVersionDate "2017.06.22"]
[SourceQuality "1"]

1. e4 e6 2. d4 d5 3. Nc3 Nf6 4. e5 Nfd7 5. f4 c5 6. Nf3 Nc6 7. Be3 cxd4 8. Nxd4 Bc5 9. Qd2 a6 10. 0-0-0 0-0 11. Qf2 Qe7 12. Kb1 Nxd4 13. Bxd4 Bxd4 14. Qxd4 b5 15. Bd3 Rb8 16. Rde1 b4 17. Nd1 Qc5 18. Qxc5 Nxc5 19. Nf2 a5 20. Be2 f6 21. Bf3 fxe5 22. Rxe5 Rxf4 23. Rhe1 Bd7 24. Nd3 Nxd3 25. cxd3 b3 26. axb3 Rxb3 27. Rxd5 Rxf3 28. Rxd7 Rf2 29. Rxe6 Rbxb2+ 30. Kc1 Rbe2 31. Rxe2 Rxe2 32. g3 Rxh2 33. Ra7 Rg2 34. Rxa5 Rxg3 35. Kd2 Kf7 36. Re5 Kf6 37. d4 g5 38. Re1 h5 39. Ke2 h4 40. Rd1 Ke6 41. d5+ Kd6 42. Kf2 Rg4 43. Rd3 Rf4+ 44. Kg2 g4 45. Rd2 g3 46. Kh3 Rf1 47. Kxh4 Rf2 48. Rd1 g2 49. Rg1 Kxd5 50. Kg3 Rd2 1/2-1/2